Development Studies for Colleges and Universities (Record no. 2766)

MARC details
005 - DATE AND TIME OF LATEST TRANSACTION
control field 20250528111150.0
020 ## - INTERNATIONAL STANDARD BOOK NUMBER
International Standard Book Number 978-9987 09 151-5
082 ## - DEWEY DECIMAL CLASSIFICATION NUMBER
Classification number LECT 320 MWA
100 ## - MAIN ENTRY--PERSONAL NAME
Author name MWAKAJINGA, L . K . S .
245 ## - TITLE STATEMENT
Title Development Studies for Colleges and Universities
260 ## - PUBLICATION, DISTRIBUTION, ETC.
Place of publication, distribution, etc. Dar es salaam,
Name of publisher, distributor, etc. Nyambari Nyangwine Publishing,
Date of publication, distribution, etc. 2013.
300 ## - PHYSICAL DESCRIPTION
Extent xxi, 239p.: ill.; figure,
Other physical details references,
Dimensions 24cm.
942 ## - ADDED ENTRY ELEMENTS (KOHA)
Source of classification or shelving scheme Dewey Decimal Classification
Koha item type Books
Holdings
Date last seen Total checkouts Full call number Barcode Cost, replacement price Price effective from Koha item type Lost status Source of classification or shelving scheme Damaged status Not for loan Withdrawn status Home library Current library Shelving location Date acquired Cost, normal purchase price
05/28/2025   LECT 320 MWA 00000010341 105000.00 05/28/2025 Books   Dewey Decimal Classification       College of Business Education Main Library College of Business Education Main Library General Collection 05/19/2017 35000.00
05/28/2025   LECT 320 MWA 00000010342 105000.00 05/28/2025 Books   Dewey Decimal Classification       College of Business Education Main Library College of Business Education Main Library General Collection 05/19/2017 35000.00
05/28/2025   LECT 320 MWA 00000010343 105000.00 05/28/2025 Books   Dewey Decimal Classification       College of Business Education Main Library College of Business Education Main Library General Collection 05/19/2017 35000.00
05/28/2025   LECT 320 MWA 00000010344 105000.00 05/28/2025 Books   Dewey Decimal Classification       College of Business Education Main Library College of Business Education Main Library General Collection 05/19/2017 35000.00
05/28/2025   LECT 320 MWA 00000010345 105000.00 05/28/2025 Books   Dewey Decimal Classification       College of Business Education Main Library College of Business Education Main Library General Collection 05/19/2017 35000.00